000
00248nam a22001097a 4500
041
_a
ENG
245
_a
World Packaging Conference
260
_a
India
_b
India Institute Of packaging
_c
2004
300
_a
147
650
_a
APE
856
_u
APE ( 02 )
999
_c
1655
_d
1655